New Zealand All Blacks Rugby - Defeats by City - Statistics

General Stats
  • This quiz has been taken 445 times
    98 since last reset
  • The average score is 18 of 28
Answer Stats
Losses City % Correct
10 Auckland
95%
15 Wellington
93%
19 Sydney
91%
6 London
90%
3 Paris
89%
3 Dublin
86%
9 Christchurch
85%
9 Johannesburg
85%
2 Melbourne
84%
5 Cardiff
82%
6 Dunedin
82%
3 Brisbane
80%
5 Port Elizabeth
76%
1 Hamilton
71%
5 Durban
70%
1 Perth
69%
3 Cape Town
68%
1 Pretoria
64%
1 Chicago
56%
1 Marseille
55%
2 Toulouse
37%
1 Hong Kong
36%
1 Yokohama
35%
1 Bloemfontein
34%
1 Rustenburg
23%
1 Gold Coast
22%
1 Nantes
13%
1 Mbombela
8%
No matching quizzes found
Score Distribution
Percent of People with Each Score
Percentile by Number Answered
Your Score History
You have not taken this quiz since the last reset